[Event "4th FIDE GP w"]
[Site "Jermuk ARM"]
[Date "2010.06.28"]
[Round "5"]
[White "Fierro Baquero,M"]
[Black "Dzagnidze,N"]
[Result "0-1"]
[WhiteElo "2363"]
[BlackElo "2478"]

1.e4 c5 2.Nf3 d6 3.Bb5+ Nc6 4.O-O Bd7 5.c3 a6 6.Ba4 Nf6 7.Re1 b5 8.Bc2 Bg4
9.h3 Bh5 10.d3 e6 11.Nbd2 Be7 12.Nf1 O-O 13.Ng3 Bg6 14.d4 d5 15.Ne5 Rc8 16.Nxc6 Rxc6
17.e5 Nd7 18.Bxg6 hxg6 19.Qg4 b4 20.h4 Bxh4 21.Ne2 Be7 22.g3 g5 23.Kg2 f5
24.exf6 Nxf6 25.Qh3 g4 26.Qh2 Kf7 27.Rh1 Rc8 28.Bg5 Rh8 29.Qxh8 Qxh8 30.Rxh8 Rxh8
31.Nf4 cxd4 32.cxd4 Rc8 33.Nd3 Bd6 34.Bf4 Bxf4 35.gxf4 Rc2 36.Rc1 Rd2 37.Rc7+ Kg6
38.Nc5 Ne4 39.Nxe4 dxe4 40.Kg3 Rxb2 41.Rc6 Rxa2 42.d5 Ra5 43.Rxe6+ Kf7 44.Rb6 Rb5
45.Rxa6 b3 46.Ra1 b2 47.Rb1 Ke7 48.Kxg4 Kd6 49.Kf5 Kxd5 50.Kg6 Rb7  0-1

[Event "IsBank TCh-TUR"]
[Site "Konya TUR"]
[Date "2010.06.29"]
[Round "1"]
[White "Sop,S"]
[Black "Tulay,S"]
[Result "1-0"]
[WhiteElo "1963"]
[BlackElo "1788"]

1.e4 c5 2.Nf3 d6 3.Bb5+ Bd7 4.Bxd7+ Qxd7 5.O-O Nf6 6.Re1 Nc6 7.c3 e6 8.d4 cxd4
9.cxd4 d5 10.e5 Ne4 11.Nbd2 Nxd2 12.Bxd2 Be7 13.Rc1 O-O 14.a3 b5 15.Rc3 Na5
16.Rd3 Nc4 17.Bc1 a5 18.h4 b4 19.Ng5 g6 20.Qg4 Kg7 21.h5 h6 22.Nxf7 Rxf7
23.Bxh6+ Kh8 24.Qxg6 Bh4 25.Bg5 Bxg5 26.Qxg5 Rg8 27.Qh4 Rfg7 28.g3 Nxb2 29.Rf3 Nc4
30.axb4 axb4 31.Qf6 Kh7 32.h6 Rg6 33.Qf7+ Qxf7 34.Rxf7+ Kxh6 35.Kg2 Rg5 36.Rh1+ Rh5
37.Rb1 Rb8 38.f4 Rf5 39.Rh1+ Kg6 40.Rfh7 Ne3+ 41.Kf3 Rff8 42.Kxe3 b3 43.R1h6+ Kf5
44.g4+ Kxg4 45.Rg6+ Kf5 46.Rg5+  1-0

[Event "5th Open"]
[Site "Wroclaw POL"]
[Date "2010.06.29"]
[Round "5"]
[White "Kalvaitis,S"]
[Black "Krzyzanowski,M"]
[Result "1-0"]
[WhiteElo "2290"]
[BlackElo "2377"]

1.e4 c5 2.Nf3 d6 3.Bb5+ Nd7 4.O-O a6 5.Bxd7+ Bxd7 6.h3 Nf6 7.Re1 g6 8.c3 Bg7
9.d4 cxd4 10.cxd4 O-O 11.Nc3 b5 12.a3 Bc6 13.d5 Bb7 14.Be3 Rc8 15.Bd4 Qd7
16.Qd3 Nh5 17.Bxg7 Nxg7 18.Qe3 Rc7 19.Qh6 f6 20.Nd4 e5 21.dxe6 Nxe6 22.Nxe6 Qxe6
23.Rad1 Rc5 24.Qd2 Rd8 25.Re3 Rg5 26.Qd4 Qe7 27.f4 Rc5 28.Nd5 Bxd5 29.exd5 Qg7
30.Rde1 Rf8 31.Re7 Qh6 32.Rd7 Rc4 33.Qa7 Qh4 34.Qe3 Rxf4 35.Qe7 Qh6 36.Qe6+ Kh8
37.Qxd6 Rc4 38.Rd8 Rc8 39.Rxc8 Rxc8 40.Qe6 Qf8 41.d6 Rd8 42.d7 Qc5+ 43.Kh1 Qf2
44.Qe7 Qb6 45.Qxd8+  1-0

[Event "Scheveningen"]
[Site "Kefar Sava ISR"]
[Date "2010.06.30"]
[Round "9"]
[White "Levine,Y"]
[Black "Lerner,K"]
[Result "0-1"]
[WhiteElo "2085"]
[BlackElo "2530"]

1.e4 c5 2.Nf3 d6 3.Bb5+ Nc6 4.O-O Bd7 5.Re1 a6 6.Bf1 g6 7.c3 Bg7 8.h3 e5
9.a4 Nge7 10.Na3 h6 11.d4 cxd4 12.cxd4 Nxd4 13.Nxd4 exd4 14.Nc4 O-O 15.Bf4 d5
16.exd5 Nxd5 17.Be5 Bxe5 18.Nxe5 Ne7 19.Qxd4 Be6 20.Qf4 Kg7 21.Ng4 Bxg4 22.Qe5+ Kg8
23.Qxe7 Bd7 24.Qb4 Bc6 25.Qf4 Kg7 26.b4 Qf6 27.Qxf6+ Kxf6 28.g3 Rfd8 29.Rac1 Bxa4
30.Bg2 Rd7 31.Rc5 Rad8 32.Bf3 b6 33.Rc3 Rd3 34.Rec1 Rxc3 35.Rxc3 Rd4 36.Bc6 Bd1
37.Rc1 Bb3 38.Bb7 Rxb4 39.Bxa6 Be6 40.Bc8 Rc4 41.Rxc4 Bxc4 42.f4 Be6  0-1

[Event "38th World Open"]
[Site "King of Prussia USA"]
[Date "2010.06.30"]
[Round "2"]
[White "Hess,Ro"]
[Black "Tan, McKinley"]
[Result "1-0"]
[WhiteElo "2590"]
[BlackElo "1998"]

1.e4 c5 2.Nf3 d6 3.Bb5+ Bd7 4.a4 Nf6 5.d3 g6 6.O-O Bg7 7.e5 dxe5 8.Nxe5 O-O
9.Qf3 Qc8 10.Re1 Be6 11.a5 Bd5 12.Qd1 e6 13.Nc3 Bc6 14.Bc4 Bd5 15.Bg5 Nbd7
16.Bxd5 Nxd5 17.Nxd5 exd5 18.Ng4 Qc6 19.Qf3 f6 20.Bf4 Ne5 21.Bxe5 fxe5 22.Qg3 e4
23.dxe4 dxe4 24.Rad1 Rad8 25.h3 c4 26.Qh4 Rxd1 27.Rxd1 Qb5 28.Qe7 Qxb2 29.Qxe4 Qc3
30.Ne3 Qxa5 31.Qxb7 Qa4 32.Qe4 Re8 33.Qd5+ Kh8 34.h4 c3 35.h5 Bh6 36.Qc5 Bxe3
37.Qxc3+ Kg8 38.fxe3 Qg4 39.Qb3+ Kh8 40.Qb2+ Kg8 41.Qa2+ Kh8 42.Qa1+ Kg8
43.h6 Re7 44.Qh8+  1-0

[Event "IsBank TCh-TUR"]
[Site "Konya TUR"]
[Date "2010.06.30"]
[Round "2"]
[White "Morgul,E"]
[Black "Sop,S"]
[Result "1/2-1/2"]
[WhiteElo "1718"]
[BlackElo "1963"]

1.e4 c5 2.Nf3 d6 3.Bb5+ Nc6 4.Bxc6+ bxc6 5.O-O Bg4 6.h3 Bh5 7.c3 e5 8.d3 Be7
9.Be3 Nf6 10.Nbd2 O-O 11.Qc2 Nd7 12.d4 Qc7 13.Rfe1 Bg6 14.dxe5 Nxe5 15.Nxe5 dxe5
16.Nb3 c4 17.Nd2 f5 18.Qa4 fxe4 19.Qxc4+ Bf7 20.Qxe4 Bd5 21.Qg4 Rf6 22.Qe2 Rg6
23.g3 c5 24.c4 Bb7 25.Kh2 Rf8 26.Rg1 Qc6 27.b3 Qe6 28.Rae1 Qf5 29.h4 Rg4
30.f3 Bxf3 31.Nxf3 Qxf3 32.Qxf3 Rxf3 33.Bc1 e4 34.Re3 Rf2+ 35.Rg2 Rf1 36.Bb2 Bd6
37.Rd2 Bc7 38.Kg2 Rb1 39.Ba3 Bb6 40.Kh3 h5 41.Kg2 g6 42.Rd5 Ra1 43.Re2 Bc7
44.Bxc5 Bxg3 45.Rg5 Bxh4+ 46.Rxg4 hxg4 47.Bxa7 Kf7 48.Bf2 Bf6 49.Kg3 Be5+
50.Kxg4 Ke6 51.Rxe4 Kf6 52.Bh4+ g5 53.Bxg5+ Ke6 54.Bf4 Rg1+ 55.Kh3 Kf5 56.Rxe5+  1/2-1/2

[Event "IsBank TCh-TUR"]
[Site "Konya TUR"]
[Date "2010.06.30"]
[Round "3"]
[White "Kaya,E"]
[Black "Kaplan,E"]
[Result "1-0"]
[WhiteElo "2006"]
[BlackElo "1799"]

1.e4 c5 2.Nf3 d6 3.Bb5+ Bd7 4.Bxd7+ Qxd7 5.O-O Nf6 6.e5 dxe5 7.Nxe5 Qc7 8.d4 Nc6
9.Bf4 O-O-O 10.c3 Nxe5 11.Bxe5 Qc6 12.Nd2 e6 13.b4 Nd5 14.Qf3 f6 15.Bg3 h5
16.h3 g5 17.c4 Nf4 18.d5 exd5 19.Bxf4 gxf4 20.b5 Qd7 21.Rfd1 Qf5 22.cxd5 Rxd5
23.Nc4 Rxd1+ 24.Rxd1 Rh7 25.Qe2 Kc7 26.Qe8 Be7 27.b6+ axb6 28.Na3  1-0

[Event "IsBank TCh-TUR"]
[Site "Konya TUR"]
[Date "2010.07.01"]
[Round "4"]
[White "Kaplan,E"]
[Black "Buyukasik,Betul"]
[Result "1-0"]
[WhiteElo "1799"]
[BlackElo "1670"]

1.e4 c5 2.Nf3 d6 3.Bb5+ Nc6 4.O-O Bd7 5.Re1 a6 6.Bf1 Nf6 7.c3 Qc7 8.d4 cxd4
9.cxd4 e6 10.Nc3 Be7 11.Bg5 O-O 12.Rc1 h6 13.Bh4 Rfe8 14.d5 Nd8 15.Nb5 Qa5
16.Nc7 Rb8 17.Nxe8 Bxe8 18.dxe6 fxe6 19.Bxf6 Bxf6 20.Qxd6 Ra8 21.e5 Bg5 22.Nxg5 hxg5
23.Qe7  1-0

[Event "4th FIDE GP w"]
[Site "Jermuk ARM"]
[Date "2010.07.02"]
[Round "8"]
[White "Xu Yuhua"]
[Black "Kosintseva,T"]
[Result "0-1"]
[WhiteElo "2484"]
[BlackElo "2534"]

1.e4 c5 2.Nf3 d6 3.Bb5+ Nd7 4.d4 a6 5.Bxd7+ Bxd7 6.dxc5 dxc5 7.Nc3 e6 8.Bf4 Ne7
9.Ne5 Ng6 10.Qh5 Bc6 11.Bg3 Nxe5 12.Bxe5 c4 13.f4 b5 14.f5 exf5 15.Nd5 Bxd5
16.O-O-O g6 17.Qh3 Qg5+ 18.Kb1 f6 19.Rxd5 fxe5 20.Rxe5+ Be7 21.exf5 Ra7 22.Rhe1 O-O
23.fxg6 Qxg6 24.Qe3 Bf6 25.Re6 Rg7 26.g3 Qf5 27.a3 a5 28.Qb6 c3 29.Rc6 cxb2
30.Rc5 Qf2 31.Qe6+ Kh8 32.Rf5 Qd2 33.Ref1 Re7  0-1

[Event "IsBank TCh-TUR"]
[Site "Konya TUR"]
[Date "2010.07.02"]
[Round "5"]
[White "Kaya,E"]
[Black "Firat,Deniz"]
[Result "1-0"]
[WhiteElo "2006"]
[BlackElo "1621"]

1.e4 c5 2.Nf3 d6 3.Bb5+ Bd7 4.Bxd7+ Qxd7 5.O-O Nf6 6.e5 dxe5 7.Nxe5 Qc7 8.d4 cxd4
9.Qxd4 Nc6 10.Nxc6 Qxc6 11.Bg5 Ne4 12.Be3 e6 13.Rd1 Nf6 14.c4 Be7 15.Nc3 a6
16.b3 O-O 17.Qb6 Rac8 18.Na4 Rfd8 19.f3 Nd7 20.Qxc6 Rxc6 21.c5 Nf6 22.Rxd8+ Bxd8
23.Rd1 Bc7 24.Nc3 h6 25.b4 Be5 26.Bd4 Bxd4+ 27.Rxd4 b6 28.Rd8+ Kh7 29.Rd6 Rxd6
30.cxd6 Nd7 31.Kf2 Kg8 32.Ke3 Kf8 33.Kd4 Ke8 34.a4 Nb8 35.b5 a5 36.Ne4 Kd7
37.g4 g6 38.Ke5 Ke8 39.Nf6+ Kd8 40.h4 Kc8 41.g5 hxg5 42.hxg5 Kd8 43.Kd4 Kc8
44.Ng8 Kd7 45.Ke5 Ke8 46.Nf6+ Kd8 47.Kd4 Kc8 48.Ng4 Kd7 49.Ne5+ Ke8 50.Ke4 Nd7
51.Nxd7 Kxd7 52.Ke5 Kd8 53.Kf6 Ke8 54.f4 Kd7 55.Kxf7 Kxd6 56.Kxg6 Ke7 57.Kh7  1-0

[Event "IsBank TCh-TUR"]
[Site "Konya TUR"]
[Date "2010.07.02"]
[Round "6"]
[White "Okus,M"]
[Black "Sirin,A"]
[Result "1/2-1/2"]
[WhiteElo "1878"]
[BlackElo "2250"]

1.e4 c5 2.Nf3 d6 3.Bb5+ Bd7 4.Bxd7+ Qxd7 5.O-O Nc6 6.Re1 e6 7.c3 Nf6 8.d4 cxd4
9.cxd4 d5 10.e5 Ne4 11.Nbd2 Nxd2 12.Bxd2 Be7 13.Rc1 O-O 14.Rc3 Rac8 15.Qe2 a6
16.Rec1 Na7 17.Rxc8 Rxc8 18.Rxc8+ Nxc8 19.Qd1 Nb6 20.Qb3 Nc4 21.Bb4 Bd8 22.h3 a5
23.Bc3 b5 24.a3 Be7 25.Ne1 Qc6 26.Nd3 h6 27.Qd1 Qc7 28.Qa1 Bf8 29.b4 a4 30.Nc5 Qe7
31.Qc1 Qg5 32.Bb2 Be7 33.Qc3 Qf5 34.Bc1 Qb1 35.Kh2 Qa2 36.Qg3 g5 37.h4 Qa1
38.Nd3 Qxd4  1/2-1/2

[Event "IsBank TCh-TUR"]
[Site "Konya TUR"]
[Date "2010.07.02"]
[Round "6"]
[White "Burneckas,Y"]
[Black "Uzun,S"]
[Result "0-1"]
[WhiteElo "1946"]
[BlackElo "1966"]

1.Nf3 c5 2.e4 d6 3.Bb5+ Nd7 4.a4 Nf6 5.Nc3 a6 6.Bxd7+ Bxd7 7.d4 cxd4 8.Nxd4 e5
9.Nf3 h6 10.O-O Be6 11.Re1 Be7 12.Be3 Qc7 13.a5 Rc8 14.Bb6 Qc6 15.Rc1 O-O
16.Qd3 Bd8 17.Bxd8 Rfxd8 18.Red1 Qc5 19.Ra1 Qb4 20.Rdb1 Nd7 21.Ra4 Qc5 22.Rd1 Nb8
23.Rd2 Nc6 24.Nd5 Bxd5 25.Qxd5 Nb4 26.Qxb7 Rb8 27.Qe7 Nc6 28.Qc7 Rxb2 29.h3 Rxc2
30.Ra2 Rxa2 31.Rxa2 Re8 32.Rd2 Nd4 33.Qxc5 dxc5 34.Kf1 Rb8 35.Rd1 Nxf3 36.gxf3 Rb5
37.Ra1 Kf8 38.Ke2 Ke7 39.h4 g6 40.f4 exf4 41.Kf3 g5 42.hxg5 hxg5 43.Kg4 Kf6
44.Rd1 Rxa5 45.Rd5 Rb5 46.Rd6+ Ke5 47.Rxa6 Kxe4 48.Kxg5 c4+  0-1

[Event "4th FIDE GP w"]
[Site "Jermuk ARM"]
[Date "2010.07.04"]
[Round "10"]
[White "Xu Yuhua"]
[Black "Dzagnidze,N"]
[Result "1/2-1/2"]
[WhiteElo "2484"]
[BlackElo "2478"]

1.e4 c5 2.Nf3 d6 3.Bb5+ Nc6 4.O-O Bd7 5.Re1 Nf6 6.c3 a6 7.Ba4 b5 8.Bc2 Bg4
9.a4 b4 10.a5 e5 11.Ba4 Bd7 12.d4 cxd4 13.cxd4 Be7 14.dxe5 Nxe5 15.Nd4 O-O
16.Bxd7 Qxd7 17.Nf5 Rfe8 18.Bg5 h6 19.Bh4 Ng6 20.Nxe7+ Qxe7 21.Bxf6 Qxf6
22.Nd2 Rac8 23.Qb3 Nf4 24.Nf1 d5 25.Ng3 dxe4 26.Nxe4 Qd4 27.Qe3 Qxe3 28.Rxe3 Red8
29.g3 Nd3 30.Rd1 Nxb2 31.Rxd8+ Rxd8 32.Nc5 Nc4 33.Rb3 Nxa5 34.Rxb4 Ra8 35.Ra4 Nc6
36.Rxa6 Rxa6  1/2-1/2

[Event "ch-Paris Int"]
[Site "Paris FRA"]
[Date "2010.07.04"]
[Round "2"]
[White "Debray,C"]
[Black "Adhiban,B"]
[Result "0-1"]
[WhiteElo "2362"]
[BlackElo "2483"]

1.e4 c5 2.Nf3 d6 3.Bb5+ Nd7 4.d4 Nf6 5.O-O a6 6.Bxd7+ Nxd7 7.c4 g6 8.Nc3 Bg7
9.d5 b5 10.Bf4 O-O 11.Qe2 Nb6 12.Nd2 b4 13.Nd1 e6 14.Nf3 exd5 15.exd5 Re8
16.Ne3 Re4 17.Bg3 Nxc4 18.Qc2 Nxe3 19.fxe3 Rxe3 20.Rae1 Bf5 21.Qd2 Rd3 22.Qf4 Rxd5
23.Rd1 Rxd1 24.Rxd1 d5 25.Qd6 Qxd6 26.Bxd6 Bxb2 27.Bxc5 Bc3 28.Nd4 Be4 29.Nc6 a5
30.Ne7+ Kg7 31.Nxd5 Bxd5 32.Rxd5 a4 33.Rd3 Rb8 34.a3 b3 35.Rxc3 b2 36.Bd4+ Kg8  0-1

[Event "FSGM July"]
[Site "Budapest HUN"]
[Date "2010.07.05"]
[Round "3"]
[White "Samhouri,A"]
[Black "Ilincic,Z"]
[Result "1/2-1/2"]
[WhiteElo "2375"]
[BlackElo "2479"]

1.e4 c5 2.Nf3 d6 3.Bb5+ Bd7 4.Bxd7+ Qxd7 5.O-O Nc6 6.c3 Nf6 7.d4 Nxe4 8.d5 Nb8
9.Re1 Nf6 10.Bg5 Ng8 11.Nbd2 g6 12.Ne4 Bg7 13.Bf4 Kf8 14.Qd2 h6 15.Re2 Na6
16.Rae1 Nc7 17.h4 Ne8 18.b4 cxb4 19.cxb4 Nef6 20.Nxf6 Bxf6 21.Be3 a6 22.Bd4 Re8
23.Rc1 Kg7 24.Bb6 Qb5 25.Be3 h5 26.Rc7 Nh6 27.Bxh6+ Rxh6 28.Ng5 Rhh8 29.Ne4 Bxh4
30.Qd4+ Bf6 31.Nxf6 exf6 32.Re6 Rxe6 33.dxe6 Rf8 34.Qxd6 Qe2 35.e7 Re8 36.Qd7 Qe1+
37.Kh2 Qxf2 38.Qxe8 Qh4+ 39.Kg1 Qe1+  1/2-1/2

[Event "4th FIDE GP w"]
[Site "Jermuk ARM"]
[Date "2010.07.05"]
[Round "11"]
[White "Fierro Baquero,M"]
[Black "Cramling,P"]
[Result "0-1"]
[WhiteElo "2363"]
[BlackElo "2536"]

1.e4 c5 2.Nf3 d6 3.Bb5+ Nd7 4.d4 cxd4 5.Qxd4 a6 6.Bxd7+ Bxd7 7.Nc3 Rc8 8.Bg5 h6
9.Bh4 e5 10.Qd3 g5 11.Bg3 Qc7 12.O-O-O Nf6 13.Kb1 Be7 14.h4 g4 15.Nd2 b5
16.a3 Rb8 17.h5 b4 18.axb4 Rxb4 19.Bh4 Be6 20.Nb3 Nd7 21.Qxa6 Bxh4 22.Rxh4 Ke7
23.Nb5 Qb6 24.Qxb6 Nxb6 25.Nxd6 Na4 26.Nf5+ Kf6 27.f3 gxf3 28.Ne3 fxg2 29.Nxg2 Bxb3
30.cxb3 Rxb3 31.Rf1+ Ke6 32.Rf2 Rhb8 33.Rg4 Nxb2 34.Kc2 Nc4 35.Re2 Ra3 36.Kc1 Ra1+
37.Kc2 Rb2+ 38.Kc3 Rc1+  0-1

[Event "IsBank TCh-TUR"]
[Site "Konya TUR"]
[Date "2010.07.05"]
[Round "8"]
[White "Morgul,E"]
[Black "Buyukasik,Betul"]
[Result "1/2-1/2"]
[WhiteElo "1718"]
[BlackElo "1670"]

1.e4 c5 2.Nf3 d6 3.Bb5+ Nc6 4.Bxc6+ bxc6 5.O-O Bg4 6.h3 Bh5 7.c3 Nf6 8.Qe2 e5
9.Re1 Be7 10.d3 Qc7 11.Nbd2 O-O 12.b3 Rfe8 13.Bb2 Bf8 14.Nf1 Rad8 15.Ng3 Bg6
16.Nh4 d5 17.Nxg6 hxg6 18.Rad1 d4 19.c4 Qa5 20.Bc1 Rb8 21.f4 Bd6 22.f5 gxf5
23.Nxf5 Qc7 24.Qf2 Bf8 25.Qg3 Kh8 26.Qh4+ Nh7 27.Rf1 Re6 28.Rf3 Rg6 29.Rdf1 f6
30.Rg3 Rxg3 31.Qxg3 Qf7 32.Rf3 Rd8 33.Qg4 Rd7 34.h4 Rc7 35.h5 Rd7 36.Rh3 Rc7
37.Qg6 Qe6 38.h6  1/2-1/2

[Event "IsBank TCh-TUR"]
[Site "Konya TUR"]
[Date "2010.07.05"]
[Round "9"]
[White "Koc,O"]
[Black "Vural,O"]
[Result "1-0"]
[WhiteElo "1851"]
[BlackElo "1896"]

1.e4 c5 2.Nf3 d6 3.Bb5+ Bd7 4.Bxd7+ Qxd7 5.O-O Nc6 6.c3 g6 7.Re1 Bg7 8.d4 cxd4
9.cxd4 e6 10.d5 Ne5 11.Nxe5 Bxe5 12.f4 Bg7 13.dxe6 fxe6 14.f5 Ne7 15.fxe6 Qxe6
16.Qf3 Rf8 17.Qd3 Nc6 18.Nc3 O-O-O 19.Nd5 Kb8 20.Be3 Rde8 21.Rac1 Rf7 22.Qb5 Nd4
23.Qb4 Qxe4 24.Qxd6+ Ka8 25.Nc7+ Rxc7 26.Qxc7 Be5 27.Qd7 Bxh2+ 28.Kxh2 Qh4+
29.Qh3 Qxh3+ 30.Kxh3  1-0

[Event "IsBank TCh-TUR"]
[Site "Konya TUR"]
[Date "2010.07.05"]
[Round "9"]
[White "Kaya,E"]
[Black "Sop,S"]
[Result "1-0"]
[WhiteElo "2006"]
[BlackElo "1963"]

1.e4 c5 2.Nf3 d6 3.Bb5+ Nc6 4.d4 cxd4 5.Qxd4 Bd7 6.Bxc6 Bxc6 7.Nc3 h6 8.O-O e5
9.Qd3 Nf6 10.Nd2 Be7 11.Nc4 O-O 12.Ne3 Rc8 13.Nf5 Kh7 14.Rd1 b5 15.Qg3 Ne8
16.Qh3 Bd7 17.Nd5 Bg5 18.Qd3 Bxc1 19.Raxc1 Bxf5 20.exf5 Rc5 21.Nc3 b4 22.Ne4 Ra5
23.Qb3 Qb6 24.Rd5 Rxd5 25.Qxd5 Nf6 26.Nxf6+ gxf6 27.Rd1 Qc5 28.Qxc5 dxc5
29.Kf1 Kg7 30.Rd7 c4 31.Rc7 b3 32.axb3 cxb3 33.c3 a5 34.Ra7 Rd8 35.Ke2 Rd5
36.Rb7 e4 37.Rxb3 Rxf5 38.c4 Rc5 39.Rc3 f5 40.Ke3 Kf6 41.Kd4 Rc8 42.c5 Rd8+
43.Kc4 Ke5 44.c6 Kd6 45.Kb5 Rb8+ 46.Kxa5 Kc7 47.Rc2 Rb3 48.Ka4 Rd3 49.b4 f4
50.b5 Rd8 51.Kb4 e3 52.fxe3 fxe3 53.Re2 Re8 54.Kc4 Re5 55.g3 Kb6 56.Kd4 Rxb5
57.Rxe3 Kxc6 58.Re5 Rb4+ 59.Ke3 Rg4 60.Rf5 Rg6 61.Rxf7 Kd6 62.Kf4 Ke6 63.Ra7 Kf6
64.Ra6+ Kg7 65.Rxg6+ Kxg6 66.g4 Kf6 67.h4 Kg6 68.Ke5 Kf7 69.Kf5 Kg7 70.Ke6 Kg6
71.Ke7 Kg7 72.h5 Kg8 73.Kf6 Kh7 74.Kf7 Kh8 75.Kg6 Kg8 76.Kxh6 Kh8 77.g5 Kg8  1-0

[Event "9th Open"]
[Site "La Fere FRA"]
[Date "2010.07.05"]
[Round "3"]
[White "Pisk,P"]
[Black "Meunier,S"]
[Result "1-0"]
[WhiteElo "2337"]
[BlackElo "1944"]

1.e4 c5 2.Nf3 d6 3.Bb5+ Nd7 4.d4 cxd4 5.Qxd4 a6 6.Bxd7+ Bxd7 7.Nc3 e6 8.Bg5 f6
9.Be3 Qc7 10.O-O Ne7 11.Rfd1 Nc6 12.Qb6 Qxb6 13.Bxb6 Be7 14.Bc7 Ne5 15.Bxd6 Bxd6
16.Rxd6 Nc4 17.Rd4 Nxb2 18.Rb1 Rc8 19.Rxb2 Rxc3 20.Rxb7  1-0

[Event "9th Open"]
[Site "La Fere FRA"]
[Date "2010.07.05"]
[Round "4"]
[White "Husson,C"]
[Black "Dagnicourt,F"]
[Result "1-0"]
[WhiteElo "2040"]
[BlackElo "1748"]

1.e4 c5 2.Nf3 d6 3.Bb5+ Nc6 4.Bxc6+ bxc6 5.O-O Bg4 6.c3 Nf6 7.Re1 Nd7 8.d4 cxd4
9.cxd4 e6 10.h3 Bh5 11.Re3 Be7 12.Nc3 O-O 13.Qe1 d5 14.exd5 cxd5 15.Nxd5 exd5
16.Rxe7 Re8 17.Rxe8+ Qxe8 18.Bd2 Bxf3 19.gxf3 Rc8 20.Qxe8+ Rxe8 21.Re1 Rxe1+
22.Bxe1 f5 23.Kf1 Kf7 24.Ke2 f4 25.Bd2 g5 26.Ba5 h5 27.Bd8 Kg6 28.b4 Kf5
29.a4 g4 30.fxg4+ hxg4 31.hxg4+ Kxg4 32.b5 f3+ 33.Ke3 Nf8 34.a5 Ne6 35.b6 axb6
36.Bxb6 Nf8 37.a6 Nd7 38.Bc5  1-0

[Event "38th TCh-GRE DivA"]
[Site "Peristeri GRE"]
[Date "2010.07.05"]
[Round "1"]
[White "Kouvatsou,M"]
[Black "Tsarouha,Me"]
[Result "1-0"]
[WhiteElo "2185"]
[BlackElo "1730"]

1.e4 c5 2.Nf3 d6 3.Bb5+ Nc6 4.O-O Nf6 5.Re1 Bd7 6.c3 Qb6 7.Na3 O-O-O 8.b4 cxb4
9.cxb4 g6 10.d3 Ng4 11.Qe2 Bg7 12.Bb2 Bxb2 13.Qxb2 Nge5 14.Nxe5 Nxe5 15.Bxd7+ Kxd7
16.Nc4 Nxc4 17.dxc4 e5 18.Red1 Kc8 19.Rd5 f6 20.a4 Rd7 21.a5 Qc7 22.c5 Kb8
23.Rad1 Rhd8 24.Qd2 Qc6 25.h3 Rc8 26.Qe2 Kc7 27.b5 Qxc5 28.Rxc5+ dxc5 29.b6+ axb6
30.axb6+ Kc6 31.Rxd7 Kxd7 32.Qc4  1-0

[Event "Heart of Finland"]
[Site "Jyvaskyla FIN"]
[Date "2010.07.06"]
[Round "3"]
[White "Kiik,K"]
[Black "Luukkonen,T"]
[Result "0-1"]
[WhiteElo "2444"]
[BlackElo "2250"]

1.e4 c5 2.Nf3 d6 3.Bb5+ Nd7 4.c3 Nf6 5.Qe2 a6 6.Ba4 e6 7.O-O Be7 8.d4 b5
9.Bc2 Bb7 10.Re1 O-O 11.e5 Nd5 12.Qd3 g6 13.Bh6 Re8 14.Nbd2 cxd4 15.exd6 Bxd6
16.Ne4 Ne5 17.Nxe5 Bxe5 18.Nc5 Bh8 19.Nxb7 Qc7 20.Bb3 Qxb7 21.cxd4 Rad8 22.Rad1 a5
23.a3 a4 24.Ba2 b4 25.Bc4 Nc7 26.Qe4 Qb6 27.Be3 Nd5 28.Bg5 Bf6 29.Bh6 Qb8
30.Qd3 Nc7 31.Qf3 Bh8 32.Qc6 bxa3 33.bxa3 Rxd4 34.Qxa4 Rh4 35.Bg5 Rg4 36.Rb1 Qc8
37.f4 Bd4+ 38.Kh1 e5 39.Be2 Rxg5 40.fxg5 Qd8 41.Qc6 Ne6 42.h4 h6 43.Bb5 Re7
44.gxh6 Qf8 45.g3 Qxh6 46.Bc4 Qh5 47.Rf1 Kg7 48.Bxe6 Rxe6 49.Qe4 Re7 50.Rb8 f5
51.Qa8 e4 52.Rb7 Rxb7 53.Qxb7+ Kh6 54.Qc7 Qg4 55.Qf4+ Kh5 56.Kg2 Qe2+ 57.Kh3 Be3  0-1

[Event "IsBank TCh-TUR"]
[Site "Konya TUR"]
[Date "2010.07.06"]
[Round "10"]
[White "Esen,N"]
[Black "Reyhan,D"]
[Result "1-0"]
[WhiteElo "1969"]
[BlackElo "2325"]

1.e4 c5 2.Nf3 d6 3.Bb5+ Nd7 4.c3 Nf6 5.Qe2 a6 6.Ba4 b5 7.Bc2 Bb7 8.d4 cxd4
9.cxd4 g6 10.O-O Bg7 11.Nbd2 O-O 12.b3 Qb6 13.Bb2 Rac8 14.Bd3 Ne8 15.e5 Nc7
16.Ng5 dxe5 17.dxe5 Nc5 18.Bb1 N7e6 19.Nxe6 Nxe6 20.Be4 Rfd8 21.Bxb7 Rc2
22.Bc1 Qxb7 23.Qe3 Nd4 24.Rb1 Rc3 25.Qe4 Qxe4 26.Nxe4 Rc2 27.Ba3 Kf8 28.f4 Rxa2
29.Bc5 Ne6 30.Bb6 Rb8 31.Rbc1 Bh6 32.Ba7 Rd8 33.g3 g5 34.f5 Nd4 35.Bxd4 g4
36.Bc5 Bxc1 37.Rxc1 Kg7 38.Bxe7 Rd4 39.Bf6+ Kh6 40.Bg5+ Kh5 41.Re1 Rxe4 42.Rxe4 Ra1+
43.Kf2 Ra2+ 44.Ke3 Kxg5 45.e6 Ra1 46.e7 Re1+ 47.Kd3 Rd1+ 48.Ke2  1-0

[Event "IsBank TCh-TUR"]
[Site "Konya TUR"]
[Date "2010.07.06"]
[Round "10"]
[White "Menzi,N"]
[Black "Aslan,C"]
[Result "1/2-1/2"]
[WhiteElo "1851"]
[BlackElo "1572"]

1.e4 c5 2.Nf3 d6 3.Bb5+ Nc6 4.O-O Nf6 5.Re1 Bd7 6.c3 d5 7.e5 Nxe5 8.Nxe5 Bxb5
9.Qf3 Qc7 10.d4 e6 11.Bg5 Be7 12.Nd2 O-O 13.Qg3 Nh5 14.Qg4 Bxg5 15.Qxg5 Nf6
16.Re3 Ne8 17.Qh5 Nf6 18.Qg5 Ne8 19.Qh5 Nf6 20.Qg5 Ne8  1/2-1/2

[Event "ch-SWE Veterans"]
[Site "Lund SWE"]
[Date "2010.07.06"]
[Round "4"]
[White "Soderborg,B"]
[Black "Gummesson,Ingvar"]
[Result "1-0"]
[WhiteElo "2115"]
[BlackElo "1983"]

1.e4 c5 2.Nf3 d6 3.Bb5+ Bd7 4.Bxd7+ Nxd7 5.O-O Ngf6 6.Re1 Qc7 7.Nc3 e6 8.d4 cxd4
9.Nxd4 a6 10.f4 Rd8 11.Kh1 Be7 12.a4 O-O 13.Be3 Rfe8 14.Bg1 g6 15.Qf3 e5
16.Nde2 exf4 17.Nxf4 Ne5 18.Qd1 Rd7 19.Ncd5 Qc6 20.b3 Bd8 21.a5 Kg7 22.Re3 Neg4
23.Rg3 Rxe4 24.Rxg4 Nxg4 25.Qxg4 f5 26.Qd1 Kf7 27.c4 Bg5 28.Nd3 Rd8 29.Qf3 Rde8
30.Rf1 R8e6 31.Nc3 Bf6 32.Nb4 Qe8 33.Nxe4 Rxe4 34.Qd3 Qd7 35.Nd5 Qe6 36.Rd1 Be5
37.Rf1 Kg7 38.Qd2 h6 39.Qb4 Qxd5 40.Qb6 Qf7 41.Qd8 g5 42.Qc8 Kg6 43.c5 Rb4
44.c6 bxc6 45.Qxc6 Rxb3 46.Qxa6 Qd5 47.Qc8 Qf7 48.a6 Rc3 49.Qb8 Qc4 50.a7 Ra3
51.Qe8+ Qf7 52.a8=Q Rxa8 53.Qxa8 h5 54.Rb1 h4 55.h3 g4 56.hxg4 fxg4 57.Qe4+ Kg5
58.Rb4 Bf4 59.Rb7 Qf6 60.Rb5+ Be5 61.Be3+ Kh5 62.Qh7+  1-0

[Event "Sparkassen Open"]
[Site "Nettetal GER"]
[Date "2010.07.06"]
[Round "4"]
[White "Sturm,F"]
[Black "Bischoff,D"]
[Result "1/2-1/2"]
[WhiteElo "1991"]
[BlackElo "2135"]

1.e4 c5 2.Nf3 d6 3.Bb5+ Nd7 4.a4 Nf6 5.Nc3 g6 6.O-O Bg7 7.h3 O-O 8.Re1 a6
9.Bc4 e5 10.d3 h6 11.Be3 Kh7 12.Nh2 Nh5 13.Nd5 Ndf6 14.Nxf6+ Qxf6 15.Ng4 Qh4
16.Kh2 f5 17.exf5 gxf5 18.g3 Qe7 19.Nxe5 dxe5 20.Qxh5 Qd6 21.f4 Bd7 22.a5 Rae8  1/2-1/2

[Event "ch-Paris Int"]
[Site "Paris FRA"]
[Date "2010.07.06"]
[Round "4"]
[White "Breder,D"]
[Black "Zoler,D"]
[Result "0-1"]
[WhiteElo "2429"]
[BlackElo "2474"]

1.e4 c5 2.Nf3 d6 3.Bb5+ Bd7 4.Bxd7+ Qxd7 5.O-O g6 6.c3 Nf6 7.Qe2 Bg7 8.d4 O-O
9.Rd1 cxd4 10.cxd4 d5 11.e5 Ne8 12.h4 Nc7 13.Nbd2 Nc6 14.Nf1 f6 15.N1h2 Qf5
16.g4 Qd7 17.Re1 fxe5 18.dxe5 Ne6 19.Bd2 d4 20.Qe4 Nc5 21.Qc2 Qd5 22.b4 Ne6
23.Qe4 Rad8 24.a4 d3 25.Rac1 Ncd4 26.Qxd5 Rxd5 27.Kg2 Ne2 28.Rcd1 Rc8 29.Nf1 N6d4
30.Ne3 Rdd8 31.g5  0-1

[Event "85th ch-ARG"]
[Site "Buenos Aires ARG"]
[Date "2010.07.07"]
[Round "3"]
[White "Ricardi,P"]
[Black "Gimenez,S"]
[Result "1-0"]
[WhiteElo "2512"]
[BlackElo "2253"]

1.e4 c5 2.Nf3 d6 3.Bb5+ Bd7 4.Bxd7+ Qxd7 5.O-O Nc6 6.c3 Nf6 7.d4 Nxe4 8.d5 Ne5
9.Nxe5 dxe5 10.c4 O-O-O 11.Qe2 Nf6 12.Nc3 e6 13.Bg5 exd5 14.Bxf6 gxf6 15.Nxd5 Kb8
16.Rad1 Bd6 17.Nxf6 Qe6 18.Nd5 Rhg8 19.Rfe1 Rg4 20.g3 Rdg8 21.Ne3 Rd4 22.Qf3 Bc7
23.b3 Ba5 24.Rf1 Rgd8 25.Nd5 f5 26.Qe2 a6 27.a3 Bc7 28.Rfe1 e4 29.f3 Qe5
30.Kg2 Rg8 31.Rxd4 cxd4 32.fxe4 f4 33.Nxc7 fxg3 34.Nd5 gxh2+ 35.Kh1 Qg3  1-0

[Event "IsBank TCh-TUR"]
[Site "Konya TUR"]
[Date "2010.07.07"]
[Round "11"]
[White "Kaplan,E"]
[Black "Sop,S"]
[Result "0-1"]
[WhiteElo "1799"]
[BlackElo "1963"]

1.e4 c5 2.Nf3 d6 3.Bb5+ Nd7 4.c3 Nf6 5.e5 dxe5 6.Nxe5 a6 7.Nxd7 Nxd7 8.Be2 g6
9.d4 Bg7 10.Be3 Qb6 11.Qd2 cxd4 12.cxd4 O-O 13.Nc3 Nf6 14.Rd1 Ng4 15.Bxg4 Bxg4
16.f3 Bd7 17.O-O Qa5 18.Rfe1 Bc6 19.Bh6 e6 20.Bxg7 Kxg7 21.Re5 Qd8 22.Qf4 Qf6
23.Qg3 Rad8 24.Ne4 Bxe4 25.fxe4 Rd7 26.Qc3 Qxe5 27.dxe5 Rxd1+ 28.Kf2 Rfd8
29.Qb4 R8d2+ 30.Kg3 Rd3+ 31.Kh4 R1d2 32.Qc4 Rd4 33.Qf1 Rxe4+ 34.Kh3 Rxe5
35.Qf3 Rxb2 36.Qc3 Re2 37.g3 h5 38.Qf3 b5  0-1

[Event "IsBank TCh-TUR"]
[Site "Konya TUR"]
[Date "2010.07.07"]
[Round "12"]
[White "Esen,N"]
[Black "Miroshnichenko,E"]
[Result "0-1"]
[WhiteElo "1969"]
[BlackElo "2684"]

1.e4 c5 2.Nf3 d6 3.Bb5+ Nc6 4.O-O Bd7 5.c3 a6 6.Ba4 Nf6 7.Re1 b5 8.Bc2 Bg4
9.d3 e5 10.Nbd2 Be7 11.Nf1 O-O 12.h3 Be6 13.d4 cxd4 14.cxd4 exd4 15.Nxd4 Nxd4
16.Qxd4 Rc8 17.Bd3 Nd7 18.a4 Nc5 19.Qe3 Nxa4 20.f4 d5 21.Kh1 dxe4 22.Bxe4 Bh4
23.Ng3 Re8 24.Qf3 Nc5 25.Rd1 Qxd1+ 26.Qxd1 Bxg3 27.Bxh7+ Kxh7 28.Be3 Kg8
29.Bxc5 Rxc5 30.Qf3 Bh4 31.Qe3 Rcc8 32.f5 Bc4 33.Qf4 Bf6 34.Qg3 Bxb2 35.Rxa6 Bd5  0-1